| 000 | 01025nam a2200277 i 4500 | ||
|---|---|---|---|
| 001 | 13129 | ||
| 003 | KOSZ 005 | ||
| 005 | 20200423142119.0 | ||
| 008 | 080914s1962 pl a f 000 0 pol | ||
| 015 | _aPB 1962/3594 | ||
| 040 |
_aWA N _cWA N _dKOSZ 005/RW |
||
| 041 | 1 |
_apol _hslo |
|
| 080 | _a621.3 | ||
| 100 | 1 |
_aŠevcov, Ivan. _eAutor |
|
| 245 | 1 | 0 |
_aOchrona odgromowa / _cIvan Ševcov ; przetł. ze słowac. Waldemar Scharf. |
| 246 | 1 |
_iTyt. oryg.: _aOchrana proti bleskom. |
|
| 260 |
_aWarszawa : _bWydawnictwa Komunikacji i Łączności, _c1962. |
||
| 300 |
_a141, [3] s. : _bil. ; _c20 cm. |
||
| 380 | _aKsiążki. | ||
| 521 | 8 | _aDla projektantów, pracowników montażowych i konserwatorów urządzeń odgromowych i dla radioamatorów. | |
| 650 | 4 | _aInstalacja odgromowa | |
| 650 | 4 | _aPiorun | |
| 710 | 2 |
_aWydawnictwa Komunikacji i Łączności. _4pbl. |
|
| 856 |
_uhttp://koha.tu.koszalin.pl/cgi-bin/koha/opac-detail.pl?biblionumber=13129 _yKatalog online BPK |
||
| 942 |
_2UKD _cKS |
||
| 999 |
_c13129 _d13129 |
||